| 000 | 00648nam a22002057a 4500 | ||
|---|---|---|---|
| 003 | OSt | ||
| 005 | 20251121084241.0 | ||
| 008 | 251121b |||||||| |||| 00| 0 eng d | ||
| 020 | _a0-471-09907-6 | ||
| 040 |
_aDWC-Main lib _cOC |
||
| 082 | _aCirc. 610.73 Em53 1984 | ||
| 245 |
_aEmergency nursing : _ba guide to comprehensive care |
||
| 260 |
_aNew York : _bJohn Wiley & Sons, _cc1984 |
||
| 300 |
_axv, 624 pages : _c23 cm. |
||
| 504 | _aIncludes index | ||
| 650 | _2Emergencies - nursing | ||
| 650 | _2Emergency nursing | ||
| 700 | _aParker, Janet G. | ||
| 942 |
_2ddc _cBK-CIRC _hCirc. 610.73 Em53 1984 _n0 |
||
| 999 |
_c5937 _d5937 |
||